| 000 | 00767nam a2200241 i 4500 | ||
|---|---|---|---|
| 001 | 122108 | ||
| 003 | ES-MaACL | ||
| 005 | 20251220063019.0 | ||
| 007 | t| | ||
| 008 | 070214s1977 sp r ||||1| spa d | ||
| 080 | _a84-292-5106-6 | ||
| 100 | 1 |
_aPrieto, Carlos, _d1898-1991 _9156926 |
|
| 245 | 1 | 3 |
_aLa minería en el Nuevo Mundo / _cCarlos Prieto ; prólogo de Pedro Laín Entralgo. |
| 250 | _a3ª ed. aum. | ||
| 260 |
_aMadrid : _bRevista de Occidente, _c1977. |
||
| 300 |
_a350 p., 13 lám. ; _c21 cm. |
||
| 504 | _aBibliografía: p. 265-321. | ||
| 650 | 4 |
_aMinería- _zAmérica española. _9156872 |
|
| 700 | 1 |
_aLaín Entralgo, Pedro, _d1908-2001 _969681 |
|
| 852 |
_aES-MaACL _jA-10376 |
||
| 852 |
_aES-MaACL _jA-7786 |
||
| 999 |
_c122108 _d122108 |
||